000 00623nam a2200229 a 4500
001 BRCA_6313
005 20190320205417.0
008 080811c1956----fr-a######---#000-0#fre-#
041 _afre
044 _afr
050 4 _aDC801
_b.V55 G43
_c1956
100 1 _aGèbelin, Francois
_d1884-
_915839
245 1 0 _aVersailles
_cFrancois Gèbelin.
260 _aParís
_bAlpina
_cc1956
300 _a62 p.
_bil.
_c18 cm.
500 _aIncluye lista de fotografías
500 _aK169
651 4 _aVersalles, Francia
_xDescripción
_915840
651 4 _aFrancia
_xDescripción y viajes
_912896
902 _aGFM
942 _2lcc
_cB
999 _c5999
_d5999